Lexicon bibliographicum et encyclopaedicum / (Record no. 156590)

MARC details
000 -LEADER
campo de control de longitud fija 00923nam a2200241 i 4500
001 - NÚMERO DE CONTROL
campo de control 156590
003 - IDENTIFICADOR DE NÚMERO DE CONTROL
campo de control ES-MaACL
005 - FECHA Y HORA DE LA ÚLTIMA TRANSACCIÓN
campo de control 20251003194505.0
008 - DATOS DE LONGITUD FIJA--INFORMACIÓN GENERAL
campo de control de longitud fija 010925m18351858gw |||| | latxd
040 ## - FUENTE DE CATALOGACIÓN
Centro catalogador/agencia de origen CAM
Lengua de catalogación spa
Centro/agencia transcriptor CAM
080 ## - NÚMERO DE LA CLASIFICACIÓN DECIMAL UNIVERSAL
Número de la Clasificación Decimal Universal 013=411.21
100 1# - ENTRADA PRINCIPAL--NOMBRE DE PERSONA
Nombre de persona Kâtip Çelebi (
Fechas asociadas al nombre 1609-1657)
9 (RLIN) 163182
245 10 - MENCIÓN DEL TÍTULO
Título Lexicon bibliographicum et encyclopaedicum /
Mención de responsabilidad, etc. a Mustafa ben Abdallah Katib Jelebi dicto et nomine Haji Khalfa celebrato compositum ... ; instruxit Gustavus Fluegel.
260 ## - PUBLICACIÓN, DISTRIBUCIÓN, ETC.
Lugar de publicación, distribución, etc. Leipzig ;
-- London :
Nombre del editor, distribuidor, etc. Richard Bentley,
Fecha de publicación, distribución, etc. 1835-1858 (
Lugar de fabricación/manufactura London :
Fabricante J.L. Cox and Son)
300 ## - DESCRIPCIÓN FÍSICA
Extensión 7 v. ;
Dimensiones 28 cm.
650 #4 - PUNTO DE ACCESO ADICIONAL DE MATERIA--TÉRMINO DE MATERIA
Término de materia o nombre geográfico como elemento de entrada Literatura árabe-
Subdivisión de forma Bibliografías.
9 (RLIN) 136438
650 #4 - PUNTO DE ACCESO ADICIONAL DE MATERIA--TÉRMINO DE MATERIA
Término de materia o nombre geográfico como elemento de entrada Libros árabes-
Subdivisión de forma Bibliografías.
9 (RLIN) 163183
655 #7 - TERMINO DE INDIZACIÓN--GENERO/FORMA
Fuente del término tgfbne
9 (RLIN) 226825
Datos o término principal de género/forma Bibliografías
700 1# - ENTRADA AGREGADA--NOMBRE PERSONAL
Nombre de persona Flügel, Gustav,
Fechas asociadas al nombre 1802-1870
9 (RLIN) 163184
852 ## - LOCALIZACIÓN
Ubicación ES-MaACL
Número de control de estantería B-3846-52
Nota libre -- Enc. hol.
942 ## - ELEMENTOS DE ENTRADA SECUNDARIOS (KOHA)
Fuente del sistema de clasificación o colocación Clasificación decimal universal
Holdings
Estatus retirado Estado de pérdida Estado de daño No para préstamo Colección Biblioteca de origen Biblioteca actual Ubicación en estantería Fecha de adquisición Total de préstamos Signatura topográfica completa Código de barras Visto por última vez Precio de reemplazo Tipo de ítem Koha
        Libros del s. XIX Biblioteca del Ateneo de Madrid Biblioteca del Ateneo de Madrid Sala Pardo Bazán 17/01/2008   B-3846-52 1163832 23/02/2023 23/02/2023 Libro impreso antiguo